| 000 | 00831cam a22002654a 4500 | ||
|---|---|---|---|
| 008 | |||
| 020 | _a0073136069 (pbk.) | ||
| 049 | _aMAIN | ||
| 090 |
_aT353 _bBER |
||
| 100 | 1 | _aBertoline, Gary R. | |
| 245 | 1 | 0 |
_aFundamentals of graphics communication / _cGary R. Bertoline and Eric N. Wiebe. |
| 250 | _a5th ed. | ||
| 260 |
_aNew York : _bMcGraw-Hill Higher Education, _cc2005. |
||
| 300 |
_axxvi, 655 [85] p. : _bill. (some col.) ; _c26 cm. |
||
| 440 | 0 | _aMcGraw-Hill graphics series | |
| 500 | _aIncludes index. | ||
| 504 | _aIncludes bibliographical references. | ||
| 650 | 0 |
_aEngineering graphics _vTextbooks. |
|
| 700 | 1 | _aWiebe, Eric N. | |
| 907 |
_a.b10297005 _b05-02-13 _c23-05-11 |
||
| 003 | |||
| 005 | 20230123125325.0 | ||
| 040 | _cNUST | ||
| 942 |
_cBOOKS _kT353 _mBER |
||
| 999 |
_c139552 _d139552 |
||